00446pab a2200145 454500008004000000100002200040245009600062260000900158300001300167362000800180650003000188650001800218700001600236773004800252180718b2011 xxu||||| |||| 00| 0 eng d aDavidson, Kathryn aAustralia's progress undefined: A critical review of measures of Australia's progress (MAP) c2011 ap.47-57. aMar aAustralia - Public policy aPublic policy aWilson, Lou aAustralian Journal of Public Administration